2000年以降に放送された連続テレビ小説 - Statistics

General Stats
  • This quiz has been taken 154 times
  • The average score is 14 of 48
Answer Stats
Hint Answer % Correct
2013年上期 あまちゃん
77%
2014年下期 マッサン
62%
2018年上期 半分、青い。
54%
2010年上期 ゲゲゲの女房
51%
2020年上期 エール
49%
2015年上期 まれ
47%
2001年上期 ちゅらさん
45%
2023年下期 ブギウギ
45%
2018年下期 まんぷく
43%
2011年下期 カーネーション
41%
2012年下期 純と愛
39%
2014年上期 花子とアン
38%
2022年上期 ちむどんどん
38%
2013年下期 ごちそうさん
37%
2019年下期 スカーレット
36%
2023年上期 らんまん
36%
2012年上期 梅ちゃん先生
35%
2016年上期 とと姉ちゃん
35%
2017年下期 わろてんか
35%
2021年上期 おかえりモネ
35%
2022年下期 舞い上がれ!
35%
2015年下期 あさが来た
34%
2017年上期 ひよっこ
34%
2019年上期 なつぞら
31%
2007年下期 ちりとてちん
30%
2020年下期 おちょやん
29%
2010年下期 てっぱん
28%
2011年上期 おひさま
28%
2016年下期 べっぴんさん
27%
2009年下期 ウェルかめ
23%
2009年上期 つばさ
20%
2002年上期 さくら
19%
2007年上期 どんど晴れ
19%
2006年上期 純情きらり
17%
2000年下期 オードリー
16%
2008年下期 だんだん
16%
2006年下期 芋たこなんきん
15%
2008年上期
15%
2002年下期 まんてん
14%
2003年下期 てるてる家族
13%
2003年上期 こころ
10%
2004年下期 わかば
10%
2005年下期 風のハルカ
10%
2005年上期 ファイト
9%
2001年下期 ほんまもん
7%
2000年上期 私の青空
6%
2004年上期 天花
6%
2021年下期 カムカムエヴリバティ
2%
No matching quizzes found
Score Distribution
Percent of People with Each Score
Percentile by Number Answered
Your Score History
You have not taken this quiz